[Event "Portoroz op 10th"]
[Site "Portoroz"]
[Date "2016.07.28"]
[Round "7"]
[White "Krebelder, Michael"]
[Black "Cizman, Gregor"]
[Result "1/2-1/2"]
[WhiteElo "1692"]
[BlackElo "1612"]
[PlyCount "42"]
[EventDate "2016.07.23"]
[EventType "swiss"]
[EventRounds "9"]
[EventCountry "SLO"]
[SourceTitle "CBM 173 Extra"]
[Source "ChessBase"]
[SourceDate "2016.08.29"]
[SourceVersion "1"]
[SourceVersionDate "2016.08.29"]
[SourceQuality "1"]

1. e4 d5 2. exd5 Qxd5 3. Nc3 Qa5 4. d4 c6 5. Bc4 Nf6 6. Bd2 Qc7 7. h3 Bf5 8. Nf3 e6 9. Bb3 Nbd7 10. Qe2 Be7 11. Bg5 h6 12. Be3 0-0 13. a3 a6 14. 0-0 Rfe8 15. Qd2 Nd5 16. Nxd5 exd5 17. Rac1 Qd6 18. c4 Qg6 19. Kh1 Bd3 20. Bc2 Bxc2 21. Rxc2 dxc4 1/2-1/2

[Event "Balatonlelle op-B"]
[Site "Balatonlelle "]
[Date "2005.06.26"]
[Round "9"]
[White "Krebelder, Michael"]
[Black "Tiefenthaler, Bernhard"]
[Result "0-1"]
[WhiteElo "1675"]
[BlackElo "1709"]
[PlyCount "172"]
[EventDate "2005.06.18"]
[EventType "swiss"]
[EventRounds "9"]
[EventCountry "HUN"]
[SourceTitle "EXT 2008"]
[Source "ChessBase"]
[SourceDate "2007.11.25"]
[SourceVersion "1"]
[SourceVersionDate "2007.11.25"]
[SourceQuality "1"]

1. e4 c6 2. d4 d6 3. Nf3 g6 4. Nc3 Bg7 5. Be2 Nf6 6. h3 0-0 7. 0-0 Qc7 8. Be3 Nbd7 9. Qd2 e5 10. dxe5 dxe5 11. Bh6 Nc5 12. Bxg7 Kxg7 13. Qe3 Ne6 14. Rad1 b6 15. Rd2 Bb7 16. Rfd1 Rad8 17. Rxd8 Rxd8 18. Bc4 Re8 19. Nh2 Bc8 20. Nf3 h6 21. Ne2 Nc5 22. Ng3 Be6 23. Bxe6 Nxe6 24. b4 Rd8 25. Rxd8 Nxd8 26. c3 Qd6 27. Qd2 Qxd2 28. Nxd2 Nd7 29. f3 Kf6 30. Kf2 Ke6 31. Ne2 Nb7 32. g3 Nd6 33. f4 f6 34. Kf3 b5 35. g4 g5 36. f5+ Ke7 37. Nc1 Kd8 38. Ncb3 Kc7 39. Kg3 Kb6 40. h4 c5 41. a3 c4 42. Na1 a5 43. Nc2 axb4 44. axb4 Kc6 45. Ne3 Nb6 46. hxg5 hxg5 47. Kf3 Ne8 48. Nd1 Nc7 49. Ke3 Na4 50. Nf1 Kd6 51. Ng3 Ke7 52. Kd2 Ne8 53. Kc2 Nc7 54. Ne3 Nb6 55. Nh5 Ne8 56. Kd2 Nd6 57. Ng3 Nf7 58. Nd5+ Nxd5 59. exd5 Nh6 60. Ne4 Nxg4 61. Ke2 Nh6 62. d6+ Kd7 63. Nxf6+ Kxd6 64. Ne4+ Ke7 65. f6+ Ke6 66. Nxg5+ Kxf6 67. Ne4+ Ke6 68. Kf3 Nf7 69. Nc5+ Kd5 70. Ke3 Nd6 71. Na6 Nf5+ 72. Kd2 Ke4 73. Nc5+ Kf3 74. Ne6 Nd6 75. Ng5+ Kf4 76. Ne6+ Kf5 77. Nc5 Ne4+ 78. Kc2 Nxc5 79. bxc5 Ke6 80. Kd2 Kd5 81. Ke3 Kxc5 82. Ke4 Kd6 83. Ke3 Kd5 84. Kd2 Kc5 85. Ke3 b4 86. cxb4+ Kxb4 0-1